| 000 -LEADER |
| fixed length control field |
01736cam a2200313 a 4500 |
| 001 - CONTROL NUMBER |
| control field |
2347123 |
| 003 - CONTROL NUMBER IDENTIFIER |
| control field |
OSt |
| 005 - DATE AND TIME OF LATEST TRANSACTION |
| control field |
20230512082159.0 |
| 008 - FIXED-LENGTH DATA ELEMENTS--GENERAL INFORMATION |
| fixed length control field |
211222s2021 ncu g 000 1 eng d |
| 010 ## - LIBRARY OF CONGRESS CONTROL NUMBER |
| LC control number |
2020042150 |
| 020 ## - INTERNATIONAL STANDARD BOOK NUMBER |
| International Standard Book Number |
9781643750262 |
| Qualifying information |
(hbk.) |
| 040 ## - CATALOGING SOURCE |
| Original cataloging agency |
DLC |
| Language of cataloging |
eng |
| Transcribing agency |
DLC |
| Modifying agency |
TCO |
| -- |
KH8 |
| Description conventions |
aacr2 |
| 042 ## - AUTHENTICATION CODE |
| Authentication code |
nbic |
| 082 0# - DEWEY DECIMAL CLASSIFICATION NUMBER |
| Classification number |
FIC ALA |
| 100 1# - MAIN ENTRY--PERSONAL NAME |
| Personal name |
AlAmmar, Layla, |
| Relator term |
author. |
| 245 10 - TITLE STATEMENT |
| Title |
Silence is a sense : |
| Remainder of title |
a novel / |
| Statement of responsibility, etc. |
Layla AlAmmar. |
| 246 32 - VARYING FORM OF TITLE |
| Title proper/short title |
A novel. |
| 250 ## - EDITION STATEMENT |
| Edition statement |
First edition. |
| 260 ## - PUBLICATION, DISTRIBUTION, ETC. |
| Place of publication, distribution, etc. |
Chapel Hill, North Carolina : |
| Name of publisher, distributor, etc. |
Algonquin Books of Chapel Hill, |
| Date of publication, distribution, etc. |
[2021] |
| 300 ## - PHYSICAL DESCRIPTION |
| Extent |
292 p. ; |
| Dimensions |
22 cm. |
| 520 ## - SUMMARY, ETC. |
| Summary, etc. |
"A woman sits in her apartment in an unnamed English city, absorbed in watching the dramas of her neighbors through their windows. Traumatized into muteness after a long, devastating trip from war-torn Syria to the UK, she believes that she wants to sink deeper into isolation, moving between memories of her absent boyfriend and family and her homeland, dreams, and reality. At the same time, she begins writing for a magazine under the pseudonym "the Voiceless," trying to explain the refugee experience without sensationalizing it-or revealing anything about herself. Gradually, as the boundaries of her world expand, she has to make a choice: Will she remain a voiceless observer, or become an active participant in her own life and in a community that, despite her best efforts, is quickly becoming her own?"-- |
| Assigning source |
Provided by publisher. |
| 650 #0 - SUBJECT ADDED ENTRY--TOPICAL TERM |
| Topical term or geographic name entry element |
Refugees |
| Geographic subdivision |
Syria |
| Form subdivision |
Fiction. |
| 650 #0 - SUBJECT ADDED ENTRY--TOPICAL TERM |
| Topical term or geographic name entry element |
Syrians |
| Geographic subdivision |
Great Britain |
| Form subdivision |
Fiction. |
| 650 #0 - SUBJECT ADDED ENTRY--TOPICAL TERM |
| Topical term or geographic name entry element |
Neighborhoods |
| Form subdivision |
Fiction. |
| 650 #0 - SUBJECT ADDED ENTRY--TOPICAL TERM |
| Topical term or geographic name entry element |
Mutism |
| Form subdivision |
Fiction. |
| 650 #0 - SUBJECT ADDED ENTRY--TOPICAL TERM |
| Topical term or geographic name entry element |
Community life |
| Form subdivision |
Fiction. |
| 650 #0 - SUBJECT ADDED ENTRY--TOPICAL TERM |
| Topical term or geographic name entry element |
Psychic trauma |
| Form subdivision |
Fiction. |
| 942 ## - ADDED ENTRY ELEMENTS (KOHA) |
| Source of classification or shelving scheme |
|
| Koha item type |
Books - Fiction |